Представление документа в формате MARC21

Поле Инд. ПП Название Значение
Тип записи a
Библиографический уровень a
001 Контрольный номер 3f9dcb7e884c49039559a9088d8c57b2
005 Дата корректировки 20170110094718.8
040 a Служба первич. каталог. НБ ТвГУ
b Код языка каталог. rus
e Правила каталог. PSBO
041 0_ a Код языка текста rus
097 b Оператор korjnina
100 1_ a Автор Дудко Светлана Анатольевна
q Полное имя Дудко С. А.
245 10 a Заглавие Интеграция детей иммигрантов средствами образования. Опыт Франции
260 a Место издания Москва
504 a Библиография Библиогр.: с. 57 (3 назв.)
520 0_ a Аннотация В статье говорится о современной системе образования во Франции и методах работы властных структур и политики государства в отношении детей иммигрантов.
653 0_ a Ключевые слова Образование во Франции
a Ключевые слова Иммигранты
a Ключевые слова Политика в области образования
a Ключевые слова Образовательная поддержка
a Ключевые слова Интеграция детей иммигрантов
773 18 w Контрольный № источника 502e6506e2124f0fbb56f234aca05487
t Название источника Язык и коммуникация в контексте образования и культуры
d Место и дата издания Москва, 2010
g Прочая информация С. 51-57
901 t Тип документа a
920 a Оператор Корж